වායු සාගරයේ යාත්‍රා

Saved in:
Bibliographic Details
Main Author: වික්‍රමසිංහ, මාර්ටින්
Format: Book
Language:English
Sinhalese
Published: රාජගිරිය; සරස ප්‍රකාශන, 2017.
Subjects:
Tags: Add Tag
No Tags, Be the first to tag this record!

MARC

LEADER 00000nam a22000007a 4500
003 LK-DoPL
005 20260327112915.0
008 260327b |||||||| |||| 00| 0 eng d
020 |a 9789556950250 
040 |a LK-DoPL  |b sin   |d LK-DoPL 
041 |a sin  
082 |a 598  |b වික්‍රම, 
100 |a වික්‍රමසිංහ, මාර්ටින් 
245 |a වායු සාගරයේ යාත්‍රා  |c මාර්ටික් වික්‍රමසිංහ 
260 |a රාජගිරිය;  |b සරස ප්‍රකාශන,  |c 2017. 
300 |a පිටු:49; 
650 0 |a පක්ෂිින් 
942 |c LBK 
999 |c 11122  |d 11122